UBT Library

Mechanical measurements / (Record no. 43928)

000 -LEADER
fixed length control field 00616cam a2200217 i 4500
001 - CONTROL NUMBER
control field 410597
005 - DATE AND TIME OF LATEST TRANSACTION
control field 20180302033901.0
008 - FIXED-LENGTH DATA ELEMENTS--GENERAL INFORMATION
fixed length control field 801030s1982 maua b 001 0 eng
010 ## - LIBRARY OF CONGRESS CONTROL NUMBER
LC control number 80026718
020 ## - INTERNATIONAL STANDARD BOOK NUMBER
International Standard Book Number 0201000369 :
Terms of availability $27.95 (est.)
040 ## - CATALOGING SOURCE
Original cataloging agency DLC
Transcribing agency DLC
Modifying agency DLC
041 ## - LANGUAGE CODE
Language code of text/sound track or separate title eng
080 ## - UNIVERSAL DECIMAL CLASSIFICATION NUMBER
Universal Decimal Classification number 620.0044
082 00 - DEWEY DECIMAL CLASSIFICATION NUMBER
Classification number 620.0044 BEC
Edition number 19
100 1# - Rafti
Rafti 27
101 ## - Shkurtesa
Shkurtesa MEK
245 10 - TITLE STATEMENT
Title Mechanical measurements /
Statement of responsibility, etc Thomas G. Beckwith, N. Lewis Buck, Roy D. Marangoni.
504 ## - BIBLIOGRAPHY, ETC. NOTE
Bibliography, etc Includes bibliographical references and index.
906 ## - LOCAL DATA ELEMENT F, LDF (RLIN)
a 7
b cbc
c orignew
d u
e ocip
f 19
g y-gencatlg
942 ## - ADDED ENTRY ELEMENTS (KOHA)
Source of classification or shelving scheme
Item type Books
Holdings
Withdrawn status Lost status Source of classification or shelving scheme Damaged status Not for loan Collection code Permanent location Current location Shelving location Date acquired Total Checkouts Full call number Barcode Date last seen Price effective from Koha item type
          Koleksioni i përgjithshem UBT - Lipjan UBT - Lipjan Koleksioni i përgjithshem 03/02/2018   620.0044 BEC 002-3000778 03/02/2018 03/02/2018 Books
UBT Library © 2015-2024. All rights reserved University Education for Business and Technology